00609nam a2200193 a 4500001001000000005001700010008004100027020001800068041000800086044000700094050002500101245007600126260005000202300003900252440002200291600004900313650002600362700002700388BRCA_760620190320205917.0270613s2008----po-a######---#000-0#por-# a9789728610760 apor apo 4aNK4210.C6b.T47 200810aTeresa Cortezbceramica que conta históriascdireccao Rui A. Pereira. aLisboa, PortugalbCampo da Comunicacaocc2008 a114 p.bil. a colorc23 cm.e1 DVD 0aColeccao d’arte14aCortez, TeresaxCrítica e interpretación14aCerámica portuguesa1 aPereira, Rui A.d1966-